[Event "Pavlodar op-A"]
[White "Isanzhulov, Arystan"]
[Black "Balmagambetov, Timur"]
[Site "Pavlodar"]
[Round "6"]
[Result "1/2-1/2"]
[Date "2023.10.26"]
[WhiteElo "2439"]
[BlackElo "2126"]
[PlyCount "40"]
[EventDate "2023.10.22"]
[EventType "swiss"]
[EventRounds "10"]
[EventCountry "KAZ"]
[SourceTitle "EXT 2025"]
[Source "ChessBase"]
[SourceDate "2024.10.14"]
[SourceVersion "1"]
[SourceVersionDate "2024.10.14"]
[SourceQuality "1"]

1. d4 Nf6 2. c4 g6 3. Nc3 Bg7 4. e4 d6 5. h3 0-0 6. Be3 c5 7. Nf3 cxd4 8. Nxd4 Nc6 9. Be2 Bd7 10. 0-0 Nxd4 11. Bxd4 Bc6 12. Qc2 a5 13. Rfd1 a4 14. c5 Qa5 15. cxd6 exd6 16. Bf3 Rfe8 17. a3 Re6 18. Bg4 Ree8 19. Bf3 Re6 20. Bg4 Ree8 1/2-1/2

[Event "Pavlodar op-A"]
[White "Balmagambetov, Timur"]
[Black "Kezin, Roman"]
[Site "Pavlodar"]
[Round "3"]
[Result "0-1"]
[Date "2023.10.24"]
[WhiteElo "2126"]
[BlackElo "2505"]
[PlyCount "124"]
[EventDate "2023.10.22"]
[EventType "swiss"]
[EventRounds "10"]
[EventCountry "KAZ"]
[SourceTitle "EXT 2025"]
[Source "ChessBase"]
[SourceDate "2024.10.14"]
[SourceVersion "1"]
[SourceVersionDate "2024.10.14"]
[SourceQuality "1"]

1. e4 c5 2. Nf3 e6 3. d4 cxd4 4. Nxd4 Nc6 5. Nb5 d6 6. c4 Nf6 7. N1c3 a6 8. Nd4 Bd7 9. Be3 Rc8 10. Nxc6 Bxc6 11. f3 d5 12. cxd5 exd5 13. exd5 Nxd5 14. Nxd5 Bxd5 15. Qd2 Qh4+ 16. g3 Qb4 17. Bd3 Bxf3 18. Rf1 Bd5 19. Rf4 Qxd2+ 20. Bxd2 Be7 21. Bc3 0-0 22. a4 Rfe8 23. Kf1 Be6 24. Bf5 Rc4 25. Rf3 Bxf5 26. Rxf5 Bb4 27. Rf3 Bxc3 28. Rxc3 Rxc3 29. bxc3 g6 30. Rb1 Re7 31. Kf2 Kf8 32. Kf3 Ke8 33. Kf4 h6 34. Rd1 Rc7 35. Rb1 Rxc3 36. Rxb7 Rc4+ 37. Ke5 Kf8 38. Rb6 Rc5+ 39. Kd6 Ra5 40. Rb4 Rf5 41. Rb6 Rf2 42. Ke5 Rxh2 43. Rxa6 Ra2 44. Ra7 Kg7 45. Kf4 Ra3 46. Kg4 h5+ 47. Kf4 Kf6 48. Ra6+ Kg7 49. Ra7 Kh6 50. Ra6 Ra1 51. Kf3 Kg5 52. Ra5+ f5 53. Ra6 Ra2 54. Ke3 Rh2 55. Kf3 h4 56. gxh4+ Rxh4 57. Kg3 Rb4 58. a5 Rb3+ 59. Kg2 Ra3 60. Kh2 f4 61. Kg2 Kf5 62. Ra8 Kg4 0-1

[Event "Astana Zhuldyzdary op-A"]
[White "Balmagambetov, Timur"]
[Black "Smirnov, Mark1"]
[Site "Astana"]
[Round "5"]
[Result "1-0"]
[Date "2023.07.14"]
[WhiteElo "2143"]
[BlackElo "1931"]
[PlyCount "57"]
[EventDate "2023.07.11"]
[EventType "swiss"]
[EventRounds "10"]
[EventCountry "KAZ"]
[SourceTitle "CBM 215 Extra"]
[Source "ChessBase"]
[SourceDate "2023.09.30"]
[SourceVersion "1"]
[SourceVersionDate "2023.09.30"]
[SourceQuality "1"]

1. e4 c5 2. Nf3 Nc6 3. Bb5 g6 4. 0-0 Bg7 5. Re1 e5 6. b4 cxb4 7. a3 Nge7 8. axb4 0-0 9. Bxc6 bxc6 10. Bb2 d6 11. d4 Qc7 12. dxe5 dxe5 13. Nbd2 Bg4 14. Ra5 Rab8 15. Qa1 f6 16. Rxa7 Qd6 17. Bc3 Rfd8 18. Nc4 Qe6 19. Nfd2 g5 20. Ne3 Bh5 21. Nb3 Nc8 22. Ra6 Bg6 23. f3 Rb6 24. Ra8 Qe7 25. Rd1 Rf8 26. Nc5 Bf7 27. Nd7 Re8 28. Rxc8 Rxc8 29. Nxb6 1-0

[Event "Asian Continental op 20th"]
[White "Syzdyk, Samir"]
[Black "Balmagambetov, Timur"]
[Site "Almaty"]
[Round "5"]
[Result "0-1"]
[Date "2023.06.07"]
[WhiteElo "1524"]
[BlackElo "2026"]
[PlyCount "46"]
[EventDate "2023.06.04"]
[EventType "swiss"]
[EventRounds "9"]
[EventCountry "KAZ"]
[SourceTitle "CBM 214 Extra"]
[Source "ChessBase"]
[SourceDate "2023.07.31"]
[SourceVersion "1"]
[SourceVersionDate "2023.07.31"]
[SourceQuality "1"]

1. e4 c5 2. Nf3 e6 3. d4 cxd4 4. Nxd4 a6 5. Nc3 b5 6. Bd3 Bb7 7. 0-0 Nc6 8. Nxc6 Bxc6 9. Re1 Qb8 10. Bf1 Bd6 11. h3 Ne7 12. a3 0-0 13. Be3 f5 14. Bg5 Ng6 15. Bd3 f4 16. Qh5 Ne5 17. f3 Bc5+ 18. Kf1 h6 19. Bh4 d6 20. Bf2 Bxf2 21. Kxf2 Qd8 22. g3 fxg3+ 23. Kxg3 Be8 0-1

[Event "Asian Continental op 20th"]
[White "Agmanov, Zhandos"]
[Black "Balmagambetov, Timur"]
[Site "Almaty"]
[Round "3"]
[Result "1-0"]
[Date "2023.06.06"]
[WhiteElo "2446"]
[BlackElo "2026"]
[PlyCount "85"]
[EventDate "2023.06.04"]
[EventType "swiss"]
[EventRounds "9"]
[EventCountry "KAZ"]
[SourceTitle "CBM 214 Extra"]
[Source "ChessBase"]
[SourceDate "2023.07.31"]
[SourceVersion "1"]
[SourceVersionDate "2023.07.31"]
[SourceQuality "1"]

1. d4 Nf6 2. c4 g6 3. Nc3 Bg7 4. e4 d6 5. h3 0-0 6. Be3 c5 7. Nf3 cxd4 8. Nxd4 Nc6 9. Be2 Bd7 10. 0-0 Nxd4 11. Bxd4 Bc6 12. Qc2 a5 13. Rad1 Nd7 14. Bxg7 Kxg7 15. Bg4 Nc5 16. e5 Qc7 17. exd6 exd6 18. Nd5 Bxd5 19. Qc3+ f6 20. Rxd5 Rad8 21. Rfd1 b6 22. Qd4 Nb7 23. b3 Rfe8 24. Rb5 Nc5 25. a3 Rb8 26. Qxd6 Re1+ 27. Kh2 Qxd6+ 28. Rxd6 Rb1 29. b4 axb4 30. axb4 Na4 31. Rd3 f5 32. Bf3 Nb2 33. Rd7+ Kh6 34. c5 Na4 35. c6 Rc1 36. Re5 Rc8 37. Ree7 Nc3 38. c7 Nb5 39. Be2 Nxc7 40. f4 Rh8 41. g4 fxg4 42. hxg4 Ne6 43. Rxe6 1-0

[Event "Asian Continental op 20th"]
[White "Balmagambetov, Timur"]
[Black "Bizhigitov, Zhangir"]
[Site "Almaty"]
[Round "4"]
[Result "0-1"]
[Date "2023.06.06"]
[WhiteElo "2026"]
[BlackElo "2285"]
[PlyCount "148"]
[EventDate "2023.06.04"]
[EventType "swiss"]
[EventRounds "9"]
[EventCountry "KAZ"]
[SourceTitle "CBM 214 Extra"]
[Source "ChessBase"]
[SourceDate "2023.07.31"]
[SourceVersion "1"]
[SourceVersionDate "2023.07.31"]
[SourceQuality "1"]

1. e4 e6 2. d4 d5 3. Nc3 Nf6 4. e5 Nfd7 5. f4 c5 6. Nf3 Nc6 7. Be3 a6 8. a3 cxd4 9. Nxd4 Bc5 10. Qd2 0-0 11. 0-0-0 Bxd4 12. Bxd4 b5 13. h4 Rb8 14. h5 b4 15. Nb1 Qe7 16. Rh3 a5 17. g4 Nxd4 18. Qxd4 f6 19. exf6 Qxf6 20. Qxf6 Rxf6 21. Rd4 Ne5 22. f5 h6 23. Bg2 exf5 24. gxf5 Bxf5 25. Bxd5+ Kf8 26. Re3 Ng4 27. Re2 Rd8 28. c4 Bd7 29. Nd2 bxa3 30. bxa3 Bc8 31. Nb3 Rf1+ 32. Kb2 Nf6 33. Be6 Re8 34. Nc5 Rf5 35. Bxf5 Rxe2+ 36. Bc2 Bf5 37. Nd3 Nxh5 38. c5 Be4 39. Kc1 Nf6 40. Ba4 Ra2 41. Bb3 Rh2 42. Ba4 Rh1+ 43. Kb2 Rh2+ 44. Kc1 Bxd3 45. Rxd3 Rh4 46. Bb5 Rh5 47. Rd8+ Ke7 48. Rc8 Nd7 49. c6 Rxb5 50. Rc7 Rd5 51. Kb2 Kd8 52. Ra7 Rb5+ 53. Ka2 Ne5 54. Rxg7 Nxc6 55. Rg6 Rb6 56. Ka1 Kc7 57. Rxh6 Rb5 58. Rh4 Kb6 59. Rc4 Rc5 60. Rh4 Rc2 61. Kb1 Rg2 62. Rh5 Re2 63. Rg5 Ne5 64. Rg8 Kb5 65. Rc8 Nc4 66. Ka1 Re3 67. a4+ Kb4 68. Ka2 Ra3+ 69. Kb1 Rxa4 70. Rb8+ Kc3 71. Rc8 Kb3 72. Rb8+ Rb4 73. Rc8 Nd2+ 74. Kc1 Rc4+ 0-1

[Event "Asian Continental blitz op 20th"]
[White "Isanzhulov, Arystan"]
[Black "Balmagambetov, Timur"]
[Site "Almaty"]
[Round "2"]
[Result "1-0"]
[Date "2023.06.03"]
[WhiteElo "2341"]
[BlackElo "2026"]
[PlyCount "61"]
[EventDate "2023.06.03"]
[EventType "swiss (blitz)"]
[EventRounds "9"]
[EventCountry "KAZ"]
[SourceTitle "CBM 214 Extra"]
[Source "ChessBase"]
[SourceDate "2023.07.31"]
[SourceVersion "1"]
[SourceVersionDate "2023.07.31"]
[SourceQuality "1"]

1. e4 c5 2. Nf3 e6 3. g3 d5 4. exd5 exd5 5. d4 Nf6 6. Bg2 Be7 7. 0-0 0-0 8. dxc5 Bxc5 9. a3 Re8 10. b4 Bb6 11. Nc3 Nc6 12. Bg5 d4 13. Na4 h6 14. Bc1 Bg4 15. h3 Bh5 16. g4 Bg6 17. Bb2 Be4 18. Nxb6 Qxb6 19. Re1 Rad8 20. Qd2 a6 21. Rad1 Bxf3 22. Rxe8+ Rxe8 23. Bxf3 Ne5 24. Bg2 Nc4 25. Bxd4 Qc7 26. Qc3 Re6 27. Bxf6 Rxf6 28. Be4 b5 29. Qd4 Qe7 30. Qd8+ Qf8 31. Bh7+ 1-0

[Event "Central Asia Cup"]
[White "Abdisalimov, Abdimalik"]
[Black "Balmagambetov, Timur"]
[Site "Tashkent"]
[Round "1"]
[Result "1-0"]
[Date "2023.01.18"]
[WhiteElo "2482"]
[BlackElo "1990"]
[PlyCount "109"]
[EventDate "2023.01.18"]
[EventType "swiss"]
[EventRounds "9"]
[EventCountry "UZB"]
[SourceTitle "CBM 212 Extra"]
[Source "ChessBase"]
[SourceDate "2023.03.31"]
[SourceVersion "1"]
[SourceVersionDate "2023.03.31"]
[SourceQuality "1"]

1. b3 Nf6 2. Bb2 g6 3. d4 Bg7 4. Nd2 0-0 5. Ngf3 d6 6. e3 c5 7. Be2 cxd4 8. exd4 Nd5 9. 0-0 Nf4 10. Re1 Nxe2+ 11. Qxe2 Nc6 12. Nc4 Bg4 13. Rad1 d5 14. Ne3 Bxf3 15. Qxf3 e6 16. c4 dxc4 17. d5 Bxb2 18. dxc6 Qc7 19. Nxc4 Bg7 20. cxb7 Rab8 21. Rd6 Qxb7 22. Red1 Qxf3 23. gxf3 Bc3 24. Ra6 Rb7 25. Rd3 Bb4 26. Rc6 Kg7 27. Kf1 Be7 28. Na5 Rb5 29. Ra6 Bc5 30. Rd7 Rc8 31. Rc6 Rxc6 32. Nxc6 a5 33. Nd8 Kf6 34. Rxf7+ Ke5 35. Rxh7 a4 36. Rb7 Rxb7 37. Nxb7 axb3 38. axb3 Bb6 39. b4 Kd5 40. Kg2 Bc7 41. Nc5 Bd6 42. h4 Bxc5 43. bxc5 Kxc5 44. Kg3 Kd6 45. Kf4 Ke7 46. Kg5 Kf7 47. h5 gxh5 48. Kxh5 Kf6 49. Kg4 Kg6 50. Kf4 Kf6 51. Ke4 Kg6 52. Ke5 Kg5 53. f4+ Kg4 54. f5 exf5 55. f4 1-0

[Event "Aktobe Dvorkovich Rapid op"]
[White "Vakhidov, Jahongir"]
[Black "Balmagambetov, Timur"]
[Site "Aktobe"]
[Round "5"]
[Result "1-0"]
[Date "2022.06.21"]
[WhiteElo "2557"]
[BlackElo "1957"]
[PlyCount "117"]
[EventDate "2022.06.21"]
[EventType "swiss (rapid)"]
[EventRounds "9"]
[EventCountry "KAZ"]
[SourceTitle "CBM 209 Extra"]
[Source "ChessBase"]
[SourceDate "2022.09.30"]
[SourceVersion "1"]
[SourceVersionDate "2022.09.30"]
[SourceQuality "1"]

1. c4 f5 2. Nc3 Nf6 3. d4 g6 4. h4 d6 5. h5 Nxh5 6. e4 Nf6 7. Bd3 Nc6 8. exf5 Bxf5 9. Bxf5 gxf5 10. d5 Ne5 11. Nge2 Qd7 12. Bg5 Bg7 13. Nd4 0-0-0 14. Ne6 Rdg8 15. Nb5 c6 16. Nxa7+ Kb8 17. Qa4 Nd3+ 18. Kf1 Nxb2 19. Qb3 Kxa7 20. Qxb2 Kb8 21. Rh3 Ne8 22. Nxg7 Rxg7 23. Rb1 e5 24. dxe6 Qxe6 25. Rb3 Qxc4+ 26. Kg1 Qf7 27. Bh6 Rhg8 28. Bxg7 Rxg7 29. Rxb7+ Qxb7 30. Qc2 Qxb1+ 31. Qxb1+ Kc7 32. Qxf5 Re7 33. Qa5+ Kb7 34. Qb4+ Kc7 35. a4 Re5 36. a5 Rb5 37. Qa3 Rb8 38. a6 Ra8 39. Qa5+ Kd7 40. Qf5+ Kd8 41. Qa5+ Nc7 42. a7 Kd7 43. Qf5+ Kd8 44. Qf6+ Kd7 45. Qg7+ Kc8 46. Qxh7 Rxa7 47. g4 Ra1+ 48. Kg2 Re1 49. g5 Nd5 50. g6 Re8 51. g7 Ne7 52. f4 Kd7 53. f5 Ng8 54. Qg6 Ne7 55. Qe6+ Kd8 56. f6 Ng6 57. Qxd6+ Kc8 58. f7 Re2+ 59. Kf1 1-0

[Event "Aktobe Dvorkovich Rapid op"]
[White "Vokhidov, Shamsiddin"]
[Black "Balmagambetov, Timur"]
[Site "Aktobe"]
[Round "3"]
[Result "1-0"]
[Date "2022.06.21"]
[WhiteElo "2534"]
[BlackElo "1957"]
[PlyCount "119"]
[EventDate "2022.06.21"]
[EventType "swiss (rapid)"]
[EventRounds "9"]
[EventCountry "KAZ"]
[SourceTitle "CBM 209 Extra"]
[Source "ChessBase"]
[SourceDate "2022.09.30"]
[SourceVersion "1"]
[SourceVersionDate "2022.09.30"]
[SourceQuality "1"]

1. e4 c5 2. Nf3 g6 3. d4 cxd4 4. Qxd4 Nf6 5. Nc3 Nc6 6. Qa4 d6 7. e5 dxe5 8. Nxe5 Bd7 9. Nxd7 Qxd7 10. Be3 Bg7 11. Rd1 Qc8 12. Be2 0-0 13. 0-0 a6 14. a3 Qc7 15. Qb3 Rac8 16. Bb6 Qe5 17. Rfe1 Qf5 18. Bf3 Rfe8 19. Nd5 e6 20. Ne3 Qg5 21. Nc4 Bf8 22. Nd6 Bxd6 23. Rxd6 Na5 24. Bxa5 Qxa5 25. c3 b5 26. Qb4 Qc7 27. Rxa6 Rb8 28. Qd4 Kg7 29. Ra7 Qc4 30. Rd1 Red8 31. Qe3 Rxd1+ 32. Bxd1 Rd8 33. Be2 Qb3 34. g3 Rd5 35. Rb7 Rf5 36. c4 Qxb2 37. Rxb5 Rxb5 38. cxb5 Nd5 39. Qd3 Nc3 40. Bf1 Qxa3 41. b6 Qb4 42. b7 Qxb7 43. Qxc3+ Kg8 44. h4 h5 45. Bd3 Qd7 46. Be4 Qd6 47. Qf6 Qd1+ 48. Kg2 Qd6 49. Bxg6 Qd5+ 50. Kh2 fxg6 51. Qxg6+ Kf8 52. Qf6+ Kg8 53. Qg5+ Kf7 54. Qxd5 exd5 55. Kg2 Ke6 56. f3 Kf5 57. Kf2 d4 58. Ke2 Ke5 59. Kd3 Kd5 60. g4 1-0

[Event "Aktobe Dvorkovich op"]
[White "Kostenko, Petr"]
[Black "Balmagambetov, Timur"]
[Site "Aktobe"]
[Round "5"]
[Result "1/2-1/2"]
[Date "2022.06.17"]
[WhiteElo "2416"]
[BlackElo "1957"]
[PlyCount "51"]
[EventDate "2022.06.14"]
[EventType "swiss"]
[EventRounds "9"]
[EventCountry "KAZ"]
[SourceTitle "CBM 208 Extra"]
[Source "ChessBase"]
[SourceDate "2022.07.31"]
[SourceVersion "1"]
[SourceVersionDate "2022.07.31"]
[SourceQuality "1"]

1. e4 c5 2. Nf3 g6 3. c3 d5 4. e5 Nc6 5. d4 Bg7 6. Bb5 cxd4 7. cxd4 Nh6 8. 0-0 0-0 9. Nc3 Bg4 10. Bxc6 bxc6 11. h3 Bxf3 12. Qxf3 Nf5 13. Qd3 e6 14. Na4 f6 15. Qc3 fxe5 16. dxe5 Qh4 17. g4 Nd4 18. Qxd4 Rf3 19. Re1 Raf8 20. Be3 Qxh3 21. Nc5 Rg3+ 22. fxg3 Qxg3+ 23. Kh1 Qh3+ 24. Kg1 Qg3+ 25. Kh1 Qh3+ 26. Kg1 1/2-1/2

[Event "Aksu"]
[White "Balmagambetov, Timur"]
[Black "Kaiyrbekov, Rustam"]
[Site "Aksu Pavlodar"]
[Round "6"]
[Result "0-1"]
[Date "2019.10.22"]
[WhiteElo "1721"]
[BlackElo "2341"]
[PlyCount "32"]
[EventDate "2019.10.17"]
[EventType "tourn"]
[EventRounds "9"]
[EventCountry "KAZ"]
[SourceTitle "CBM 192 Extra"]
[Source "Chessbase"]
[SourceDate "2019.11.06"]
[SourceVersion "1"]
[SourceVersionDate "2019.11.06"]
[SourceQuality "1"]

1. e4 Nf6 2. Nc3 d5 3. e5 d4 4. exf6 dxc3 5. bxc3 exf6 6. d4 Bd6 7. Bd3 0-0 8. Ne2 c5 9. 0-0 Qc7 10. Ng3 Re8 11. Be3 cxd4 12. cxd4 Nc6 13. Qh5 g6 14. Qh4 Be7 15. Ne4 Qd8 16. Bc4 Bf5 0-1

[Event "Aksu"]
[White "Balmagambetov, Timur"]
[Black "Boiarintsev, Vitaly"]
[Site "Aksu Pavlodar"]
[Round "3"]
[Result "0-1"]
[Date "2019.10.19"]
[WhiteElo "1721"]
[BlackElo "2324"]
[PlyCount "58"]
[EventDate "2019.10.17"]
[EventType "tourn"]
[EventRounds "9"]
[EventCountry "KAZ"]
[SourceTitle "CBM 192 Extra"]
[Source "Chessbase"]
[SourceDate "2019.11.06"]
[SourceVersion "1"]
[SourceVersionDate "2019.11.06"]
[SourceQuality "1"]

1. e4 d5 2. exd5 Qxd5 3. Nc3 Qa5 4. d4 e5 5. Nf3 Bg4 6. Qe2 Nc6 7. d5 Bb4 8. Bd2 Bxf3 9. Qxf3 Nd4 10. Qe4 0-0-0 11. Bc4 Nf6 12. Qd3 b5 13. Bb3 Nxb3 14. cxb3 Bxc3 15. Bxc3 b4 16. Bxe5 Rxd5 17. Qh3+ Nd7 18. Bf4 Re8+ 19. Kf1 Qb5+ 20. Kg1 Qe2 21. g4 Re4 22. Bg3 Red4 23. Kg2 Qe4+ 24. f3 Rd2+ 25. Bf2 Rxf2+ 26. Kxf2 Rd2+ 27. Kg3 Qe5+ 28. Kh4 g5+ 29. Kh5 Qg7 0-1